Szczegóły MARC21

Miejsca niesamowite /

005 -DATA I CZAS OSTATNIEJ MODYFIKACJI [,]
    • @
    • pole kontrolne
    • 20140307090640.0
020 -Międzynarod. znormalizowany nr książki - ISBN [ , ]
    • a
    • Numer ISBN
    • 9788311124745 Find
040 -Instytucja sporządzająca opis [ , ]
    • a
    • Instytucja, która sporządziła opis (NP)
    • SZCZ U/JG
    • c
    • Instytucja, która sporządziła rekord (NP)
    • SZCZ U/JG
    • d
    • Instytucja, która zmodyfikowała rekord (P)
    • SZCZ U/JŚ
041 -Język dokumentu [0, ]
    • a
    • Język tekstu (P)
    • polski
044 -Kraj miejsca wydania [ , ]
    • a
    • Kraj miejsca wydania
    • Polska
942 -Rodzaj dokumentu [ , ]
    • c
    • Rodzaj dokumentu
    • Książka
245 -Strefa tytułu i oznaczenia odpowiedzialności [0,0]
    • a
    • Tytuł
    • Miejsca niesamowite / Find
    • c
    • Pozostałe elementy strefy tytułu i oznaczenia odpowiedzialności (NP)
    • [tekst Liliana Olchowik-Adamowska et al. ; fot. Dymitr Miłowanow przy współpr. Ludmiły Miłowanow].
260 -Strefa adresu wydawniczego [ , ]
    • a
    • Miejsce wydania (P)
    • Warszawa :
    • b
    • Nazwa wydawcy (P)
    • Bellona,
    • c
    • Data wydania (P)
    • cop. 2008.
300 -Strefa opisu fizycznego [ , ]
    • a
    • Określenie formy książki i/lub objętość (NP)
    • 267 s. :
    • b
    • Oznaczenie ilustracji (NP)
    • il. ;
    • c
    • Format (NP)
    • 29 cm.
490 -Strefa serii i książki wielotomowej - forma nie do wyszukiwania [1, ]
    • a
    • Tytuł (P)
    • Najciekawsze Miejsca w Polsce Find
830 -Hasło dodatkowe serii i opisu książki wielotomowej - tytuł ujednolicony/tytuł [ ,0]
    • 9
    • KHW
    • 68657
    • a
    • Tytuł ujednolicony/tytuł (NP)
    • Najciekawsze Miejsca w Polsce
500 -Uwaga ogólna [ , ]
    • a
    • Uwaga ogólna (NP)
    • Na okł.: 51 pomysłów na podróż z dreszczykiem.
500 -Uwaga ogólna [ , ]
    • a
    • Uwaga ogólna (NP)
    • Mapy na wyklejkach.
504 -Uwaga dot. bibliogr. załącznikowej [ , ]
    • a
    • Uwaga dot. bibliografii załącznikowej
    • Bibliogr. s. 266.
080 -Uniwersalna Klasyfikacja Dziesiętna [ , ]
    • 2
    • Identyfikator wydania tablic
    • UDC-P058
    • 9
    • UKD
    • 6822
    • a
    • Symbol klasyfikacji
    • 913(438)(036)
    • b
    • Dopowiedzenie
    • Przewodniki turystyczno-krajoznawcze po Polsce.
080 -Uniwersalna Klasyfikacja Dziesiętna [ , ]
    • 2
    • Identyfikator wydania tablic
    • UDC-P058
    • 9
    • UKD
    • 3651
    • a
    • Symbol klasyfikacji
    • 351.85
    • b
    • Dopowiedzenie
    • Nadzór administracyjny nad kulturą i nauką. Muzea. Biblioteki. Zabytki. Sztuka. Literatura. Wyznania. Religie. Imprezy publiczne. Nagrody i odznaczenia.
    • 4
    • UKD2
    • 7642
    • x
    • Poddział wspólny
    • (438)
    • c
    • Dopowiedzenie poddz. wspólnego
    • (Polska).
080 -Uniwersalna Klasyfikacja Dziesiętna [ , ]
    • 2
    • Identyfikator wydania tablic
    • UDC-P058
    • 9
    • UKD
    • 3989
    • a
    • Symbol klasyfikacji
    • 398.4
    • b
    • Dopowiedzenie
    • Zjawiska nadprzyrodzone. Duchy. Widma. Demony. Diabły. Czary. Czarownice.
    • 4
    • UKD2
    • 7642
    • x
    • Poddział wspólny
    • (438)
    • c
    • Dopowiedzenie poddz. wspólnego
    • (Polska).
980 -Symbol UKD [ , ]
    • a
    • UKD
    • 351.85:398.4](438):913(438)(036)
700 -Hasło dodatkowe - nazwa osobowa [1, ]
    • 9
    • KHW
    • 537472
    • a
    • Nazwa osobowa (NP)
    • Olchowik-Adamowska, Liliana. Find
700 -Hasło dodatkowe - nazwa osobowa [1, ]
    • 9
    • KHW
    • 68656
    • a
    • Nazwa osobowa (NP)
    • Milovanov, Dymitr. Find
    • e
    • Określenie rodzaju współpracy
    • Il.
700 -Hasło dodatkowe - nazwa osobowa [1, ]
    • 9
    • KHW
    • 68658
    • a
    • Nazwa osobowa (NP)
    • Milovanov, Ludmila. Find
    • e
    • Określenie rodzaju współpracy
    • Il.
710 -Hasło dodatkowe - nazwa ciała zbiorowego [2, ]
    • 4
    • Kod relacji
    • pbl
    • 9
    • KHW
    • 59913
    • a
    • Nazwa ciała zbiorowego lub nazwa geograficzna jako pierwszy element (NP)
    • Dom Wydawniczy Bellona.
920 -ISBN [ , ]
    • a
    • ISBN
    • 978-83-11-12474-5 Find
Status udost. Numer inwentarzowy Sygnatura Lokalizacja Data inwentaryzacji
1T.14493T.14493T2014-02-06